| 000 | 00894nam a2200229 a 4500 | ||
|---|---|---|---|
| 001 | 000035061 | ||
| 005 | 20200930074058.0 | ||
| 008 | 111024s1973 ag 000 0 spa d | ||
| 040 |
_aDO-SdBNP _bspa _cBNPHU |
||
| 082 |
_a330.981 _bW491b |
||
| 100 | 1 |
_aWerneck Sodré, Nelson, _d1911- _960703 |
|
| 245 | 1 | 0 |
_aBrasil : _bradiografía de un modelo. / _cNelson Werneck Sodré ; traducción de Alberto Paenza ; prólogo A. Marques Da Silva. |
| 260 |
_aBuenos Aires : _bEditorial Orbelus, _c1973. |
||
| 300 |
_a221 p. ; _c21 cm. |
||
| 590 | _aPerteneció a la biblioteca personal de Juan Isidro Jimenes Grullón | ||
| 651 | 4 |
_aBrasil _xCondiciones Económicas _xHistoria _960704 |
|
| 651 | 4 |
_aBrasil _xPolítica Económica _xHistoria _960705 |
|
| 700 | 1 | 2 |
_aPaenza, Alberto, _etr. _960706 |
| 700 | 1 | 2 |
_aDa Silva, A. Marques, _epról. _960707 |
| 910 | _aValidado. Control de calidad MFF | ||
| 049 | _aBNGR | ||
| 999 |
_c34552 _d34552 |
||